000 00219 a2200097 4500
001 59860
100 _a
245 _aQuantum Computing (With CD)
260 _aNew Delhi
_bTata Mc Graw Hill
_c2007
090 _c36695
_d36695
942 _aNUST-CAE
_c
_c29663
999 _c294933
_d294933